000 00768nam a2200253 i 4500
001 17235
003 ES-MaACL
005 20250812051524.0
007 t|
008 010123s1999 sp ||||0| spa j
020 _a84-493-0700-7
040 _aM-BN
_bspa
_cM-BN
080 _a7.036
100 1 _aDanto, Arthur C.
_942670
245 1 0 _aDespués del fin del arte
_b: el arte contemporáneo y el linde de la historia /
_cArthur C. Danto.
260 _aBarcelona :
_bPaidós Ibérica,
_c[1999]
300 _a252 p. :
_bil. ;
_c24 cm.
490 1 _aPaidós transiciones ;
_v16
650 7 _aArte-
_yS.XX
_2
_9141916
830 0 _aPaidós transiciones ;
_v16
_9180263
852 _aES-MaACL
_jL-24224
_bR.129375
999 _c17235
_d17235